<?xml version="1.0" encoding="UTF-8"?><?xml-stylesheet type="text/xsl" href="static/style.xsl"?><OAI-PMH xmlns="http://www.openarchives.org/OAI/2.0/" xmlns:xsi="http://www.w3.org/2001/XMLSchema-instance" xsi:schemaLocation="http://www.openarchives.org/OAI/2.0/ http://www.openarchives.org/OAI/2.0/OAI-PMH.xsd"><responseDate>2026-04-13T01:29:06Z</responseDate><request verb="GetRecord" identifier="oai:www.recercat.cat:2072/403132" metadataPrefix="marc">https://recercat.cat/oai/request</request><GetRecord><record><header><identifier>oai:recercat.cat:2072/403132</identifier><datestamp>2026-04-08T02:33:19Z</datestamp><setSpec>com_2072_98</setSpec><setSpec>col_2072_378192</setSpec></header><metadata><record xmlns="http://www.loc.gov/MARC21/slim" xmlns:dcterms="http://purl.org/dc/terms/" xmlns:xsi="http://www.w3.org/2001/XMLSchema-instance" xmlns:doc="http://www.lyncode.com/xoai" xsi:schemaLocation="http://www.loc.gov/MARC21/slim http://www.loc.gov/standards/marcxml/schema/MARC21slim.xsd">
   <leader>00925njm 22002777a 4500</leader>
   <datafield ind2=" " ind1=" " tag="042">
      <subfield code="a">dc</subfield>
   </datafield>
   <datafield ind2=" " ind1=" " tag="720">
      <subfield code="a">González-Castro, Víctor</subfield>
      <subfield code="e">author</subfield>
   </datafield>
   <datafield ind2=" " ind1=" " tag="260">
      <subfield code="c">2014</subfield>
   </datafield>
   <datafield ind2=" " ind1=" " tag="520">
      <subfield code="a">Advisors: Enrique Alegre and Rocío Alaiz-Rodríguez. Date and location of PhD thesis defense: 16 December 2013, Universidad de León</subfield>
   </datafield>
   <datafield ind2=" " ind1=" " tag="520">
      <subfield code="a">Semen quality assessment is a crucial task in artificial insemination processes, both for humans and animals. Animal artificial insemination allows farmers to save time and money (e.g. working with a limited number of animals). They purchase semen samples to companies devoted to their production and commercialization, but they need these samples to be optimal for fertilization. As a result, semen production centers have to carry out rigorous quality control procedures to guarantee good standards A semen sample with a high proportion of (i) dead spermatozoa, or (ii) sperm heads with damaged acrosomes will have low fertilization potential. Therefore, sperm vitality and acrosome integrity are two of the parameters evaluated by veterinaries in semen quality control processes. Currently, both are assessed manually, by means of a visual process which entails expensive equipment, such as stains and fluorescence microscopes. Moreover, they may be a source of errors, as any manual process is. The goal is to develop an automatic system to estimate the proportions of damaged acrosomes and dead spermatozoa using just a computer and a digital camera connected to a phase contrast microscope, which is affordable by any laboratory. The contributions made on this PhD thesis in the fields of Image Processing and Machine Learning [1] can be helpful for this goal. Concretely, several texture description approaches have been evaluated for this task. Furthermore, a new intelligent segmentation process, an adaptive texture description method, and two robust approaches for estimating class proportions of unlabeled datasets have been proposed. All these methods are applied to automatic boar semen quality estimation.</subfield>
   </datafield>
   <datafield tag="653" ind2=" " ind1=" ">
      <subfield code="a">Features and image descriptors</subfield>
   </datafield>
   <datafield tag="653" ind2=" " ind1=" ">
      <subfield code="a">Statistical pattern recognition</subfield>
   </datafield>
   <datafield tag="653" ind2=" " ind1=" ">
      <subfield code="a">Machine learning and data mining</subfield>
   </datafield>
   <datafield tag="653" ind2=" " ind1=" ">
      <subfield code="a">Medical image analysis</subfield>
   </datafield>
   <datafield tag="653" ind2=" " ind1=" ">
      <subfield code="a">Applications</subfield>
   </datafield>
   <datafield ind2="0" ind1="0" tag="245">
      <subfield code="a">Adaptive texture description and estimation of the class prior probabilities for seminal quality control</subfield>
   </datafield>
</record></metadata></record></GetRecord></OAI-PMH>